00599cam a2200169 a 450000100100000000500170001000800410002704000250006808200220009310000180011524500670013326000560020030000280025649000530028465000390033783000530037600000130320200929145533.0840106s1968 fr a 001 0 fre  aDO-SdBNPbspacBNPHU a621.3747bR233ó1 aRateau, Rene.12aL'Oscillographe cathodique et ses applications /cRene Rateau. aParís :bPresses universitaires de France,c1968. a128 p. :bil. ;c18 cm.1 aLe point des connaissances actuelles ;vno. 1297 4aOscilógrafo de rayos catódicos 0aLe point des connaissances actuelles ;vno. 1297